| 000 | 01355nam a2200193 a 4500 | ||
|---|---|---|---|
| 001 | 000044923 | ||
| 005 | 20201002045732.0 | ||
| 008 | 150119s2014 dr a 000 0 spa d | ||
| 020 | _a9789945166279 | ||
| 040 |
_aDO-SdBNP _bspa _cBNPHU |
||
| 082 |
_axxxx _bxxxx |
||
| 100 | 1 |
_aVargas García, Tahira _972935 |
|
| 245 | 1 | 0 |
_aRetrato cualitativo de la adolescencia en Villas Agrícolas / _cTahira Vargas García ; edición María Santana de López. |
| 260 |
_aSanto Domingo : _bFundación Abriendo Camino, _c2014. |
||
| 300 |
_a91 p. : _bil. ; _c28 cm. |
||
| 504 | _aBibliografía : p. 89-91 | ||
| 505 | 0 |
_tContexto familiar del adolescente de ambos sexos de Villas Agrícolas -- _tCondiciones socio-educativas. Causas de descerción, abandono y repitencia -- _tCondiciones socio-económicas de la población adolescente estudiada -- _tSexualidad en la población adolescente de ambos sexos -- _tViolencia, percepciones y manifestaciones -- _tSituaciones de riesgo. Consumo de alcohol, juca y drogas, inserción en pandillas -- _tRutina- recreación-diversión de la población adolescente en el barrio -- _tSituación organizativa del barrio. Relación entre adolescentes y procesos organizativos -- _tExpectativas futuras -- _tPercepciones sobre la Fundación Abriendo Camino -- _tConclusiones -- _tRecomendaciones. |
|
| 700 | 1 |
_aSantana de López, María _eed. _972936 |
|
| 999 |
_c44412 _d44412 |
||